000
00231 a2200097 4500
001
27104
100
_a
Westland peter
245
_a
Public speaking for self improvement
260
_a
_b
Arco publishing
_c
1974
090
_c
18110
_d
18110
942
_a
NUST-CAE
_c
M
_c
9015
999
_c
262177
_d
262177